[Event "Lovsprings op 12th B"]
[Site "Ringsted"]
[Date "2001.03.30"]
[Round "5"]
[White "Madsen, Morten"]
[Black "Holst, John"]
[Result "1-0"]
[WhiteElo "1868"]
[BlackElo "1711"]
[PlyCount "61"]
[EventDate "2001.03.02"]
[EventType "swiss"]
[EventRounds "7"]
[EventCountry "DEN"]
[SourceTitle "EXT 2023"]
[Source "ChessBase"]
[SourceDate "2022.10.05"]
[SourceVersion "1"]
[SourceVersionDate "2022.10.05"]
[SourceQuality "1"]

1. e4 e6 2. d4 b6 3. Bf4 Bb7 4. Bd3 Nf6 5. Nd2 c5 6. c3 cxd4 7. cxd4 Bb4 8. f3 Nh5 9. Bxb8 Qxb8 10. g3 g5 11. a3 Be7 12. Ne2 Ng7 13. Rc1 h5 14. Qc2 Bd8 15. e5 g4 16. Be4 gxf3 17. Nxf3 Nf5 18. Qd3 a5 19. Bxf5 exf5 20. Qxf5 Bd5 21. Nc3 Be6 22. Qe4 Rg8 23. Nb5 Rg4 24. Qd3 Bd5 25. Nd6+ Kf8 26. 0-0 Bc7 27. Nb5 Bd8 28. Qh7 Qb7 29. Nd6 Qa6 30. Qxh5 Bg5 31. Nxg5 1-0